000 00391nam a2200145 a 4500
005 20140412111327.0
008 110128s19uu xx 00 eng d
020 _a0-439-385531-8
050 _aTR(GS 745.4
_bEv1 2006
100 _aEvans, Linda
245 _aArt Projects from around the world /
_cLinda Evans.
260 _aU.S.A :
_bScholastic,
_c2006.
300 _a64p.
999 _c104732
_d104732